| 000 | 00616nam a2200241Ia 4500 | ||
|---|---|---|---|
| 001 | 49094 | ||
| 005 | 20240114003937.0 | ||
| 007 | ta | ||
| 008 | 090523s1933 g b000 u Eng u | ||
| 020 | _cHB | ||
| 040 | _aCotton College,Assam | ||
| 041 | _aEng | ||
| 082 |
_a796 _bM 119 G |
||
| 100 | _aMackenzie, A. W. N. . | ||
| 245 | 0 |
_aGames For Cubs / _cA. W. N. Mackenzie. _hTextual Documents |
|
| 250 | _a1st ed. / | ||
| 260 |
_aGlasgow : _bBrown, Son & Ferguson , _c1933. |
||
| 300 |
_a107p. ; _c16 cm.. |
||
| 653 | _aT/G-Sports | ||
| 942 |
_2ddc _cBK |
||
| 999 |
_c49059 _d49059 |
||